Banské vetranie a klimatizácia : (výberový súpis literatúry) /
Uložené v:
| Ďalší autori: | |
|---|---|
| Médium: | Kniha |
| Jazyk: | Slovak |
| Vydané: |
Košice :
Štátna vedecká knižnica,
1978.
|
| Vydanie: | 1. vyd. |
| ISBN: |
(brož.) |
| Fyzický popis: |
119 s. |
| Tagy: |
Pridať tag
Žiadne tagy, Buďte prvý kto otaguje tento záznam!
|
Titul je dostupný aj v ... 

MARC
| LEADER | 00000nam a22000001a 4500 | ||
|---|---|---|---|
| 001 | 000099208 | ||
| 005 | 20091110224250.0 | ||
| 008 | 051026s1978 xo slo d | ||
| 020 | |a (brož.) | ||
| 040 | |a SVKKK |b slo |c SVKKK |e AACR2 | ||
| 041 | 0 | |a slo | |
| 044 | |a xo |c SK | ||
| 245 | 0 | 0 | |a Banské vetranie a klimatizácia : |b (výberový súpis literatúry) / |c zost.: Zuzana Sehnálková. |
| 250 | |a 1. vyd. | ||
| 260 | |a Košice : |b Štátna vedecká knižnica, |c 1978. | ||
| 300 | |a 119 s. | ||
| 700 | 1 | |a Sehnálková, Zuzana |d 1934-2010 |4 com | |
| 910 | |a svkkk | ||
| 998 | |a BK | ||
| 090 | |g SCKHL |k Sklad Pribinova 2. posch. |a II.242920 |j 585768 |i 2720142680 |s Absenčne | ||
| 090 | |g SCKHL |k Sklad Pribinova 2. posch. |a II.242921 |j 585769 |i 99208-20 |s Absenčne | ||
| 090 | |g SCKHL |k Sklad Pribinova 2. posch. |a II.242922 |j 585770 |i 99208-30 |s Absenčne | ||
| 090 | |g SCKHL |k Sklad Pribinova 2. posch. |a II.242923 |j 585771 |i 99208-40 |s Absenčne | ||
| 090 | |g SCKHL |k Sklad Pribinova 2. posch. |a II.242924 |j 585772 |i 99208-50 |s Absenčne | ||